BIBLIOTECA PODER JUDICIAL
Portal Judicial TDF

La exclusión hereditaria conyugal en el Código Civil y Comercial de la Nación / (Registro nro. 6271)

000 -LEADER
fixed length control field 01117nab a22002417a 4500
003 - CONTROL NUMBER IDENTIFIER
control field OSt
005 - DATE AND TIME OF LATEST TRANSACTION
control field 20260128195508.0
008 - FIXED-LENGTH DATA ELEMENTS--GENERAL INFORMATION
fixed length control field 190514b xxu||||| |||| 00| 0 spa d
040 ## - CATALOGING SOURCE
Transcribing agency PJ
100 ## - MAIN ENTRY--PERSONAL NAME
9 (RLIN) 5960
Personal name Surraco, María Mercedes
245 13 - TITLE STATEMENT
Title La exclusión hereditaria conyugal en el Código Civil y Comercial de la Nación /
Statement of responsibility, etc María Mercedes Surraco.
300 ## - PHYSICAL DESCRIPTION
Extent p. 107-117
500 ## - GENERAL NOTE
General note Cita: TR LALEY AR/DOC/2717/2025.
505 ## - FORMATTED CONTENTS NOTE
Formatted contents note Sumario: I. El caso.— II. Los argumentos del Tribunal.— III. Nuestro comentario.— IV. Reflexiones finales.
505 ## - FORMATTED CONTENTS NOTE
Title Fallo comentado: CCiv., Com. y Lab., Curuzú Cuatiá ~ 09/06/2025 ~ A., M. A. s/ sucesión ab intestato s/ incidente de exclusión de herencia.
650 #0 - SUBJECT ADDED ENTRY--TOPICAL TERM
9 (RLIN) 967
Topical term or geographic name as entry element DERECHO DE FAMILIA
650 #0 - SUBJECT ADDED ENTRY--TOPICAL TERM
9 (RLIN) 1497
Topical term or geographic name as entry element CODIGO CIVIL Y COMERCIAL
650 #0 - SUBJECT ADDED ENTRY--TOPICAL TERM
9 (RLIN) 888
Topical term or geographic name as entry element SUCESIONES
650 #0 - SUBJECT ADDED ENTRY--TOPICAL TERM
9 (RLIN) 1081
Topical term or geographic name as entry element EXCLUSION HEREDITARIA
650 #0 - SUBJECT ADDED ENTRY--TOPICAL TERM
9 (RLIN) 1057
Topical term or geographic name as entry element JURISPRUDENCIA APLICABLE
773 0# - HOST ITEM ENTRY
Host Biblionumber 2844
Host Itemnumber 3222
Place, publisher, and date of publication Buenos Aires : AbeledoPerrot, 1989-
Title Derecho de familia. Revista Interdisciplinaria de doctrina y jurisprudencia. Diciembre 2025-VI.
International Standard Book Number 18511201
942 ## - ADDED ENTRY ELEMENTS (KOHA)
Source of classification or shelving scheme
Koha item type Analítica Artículo de Revista

No hay ítems disponibles.

12 de Octubre 789 Ushuaia - Tel:  54(02901)441571
Horario de Atención: 8.00 a 17.00 hs. 
bibliotecaush@justierradelfuego.gov.ar
koha@justierradelfuego.gov.ar
Seguinos en nuestras redes @bibliojustdf 

Con tecnología Koha